000 00834nam a2200265 4500
003 OSt
005 20260530115303.0
008 260506b2005 mx ||||| |||| 00| 0 spa d
020 _a9684234635
040 _aICI
_bspa
_cICI
041 _aspa
050 _aBX4705.F728
_bV35 2005
100 1 _aValdés, Octaviano,
_dautor
_931590
245 1 0 _aEl Padre Tembleque /
_cOctaviano Valdés ; prólogo, Manuel Olimón Nolasco
250 _aTercera edición
264 1 _aMéxico, D.F. ;
_bJus,
_c2005
300 _a199 páginas :
_bilustraciones
336 _atexto
_2rdacontent
337 _asin medio
_2rdamedia
338 _avolumen
_2rdacarrier
650 4 _aFranciscanos
_vBiografia
_zMéxico
_931591
650 4 _aAcueductos
_xHistoria
_zMéxico
_9905
700 1 _aOlimón Nolasco, Manuel,
_eprologuista
_931592
942 _2lcc
_cBK
_n1
999 _c12973
_d12973